| 000 | 02011nam0a2200349 4500 | ||
|---|---|---|---|
| 001 | RU\NLR\BIBL_A\011963420 | ||
| 005 | 20190611084639.0 | ||
| 010 |
_a978-5-9907286-6-0 _91500 |
||
| 021 |
_aRU _bАЛ-П-19-00184и _9АЛ-П-19-0036 |
||
| 035 | _a(NLR Aleph) 011963420 | ||
| 090 |
_a11216875 _c11216875 |
||
| 100 | _a20190319d2018 k y0rusy50 ca | ||
| 101 | 0 | _arus | |
| 102 | _aRU | ||
| 105 | _aach z 000zd | ||
| 200 | 1 |
_aАлександр Горский: балетмейстер, художник, фотограф _e[из коллекции Музея Государственного академического Большого театра России _eсборник статей _fавторы-составители: Екатерина Чуракова и др.] |
|
| 210 |
_aМосква _cКучково поле _d2018 |
||
| 215 |
_a271, [1] с. _cил., цв. ил., портр., факс. _d26 |
||
| 320 | _aБиблиогр. в тексте | ||
| 320 | _aУказ. имен: с. 270-271 | ||
| 600 | 1 |
_aГорский _bА. А. _f1871 - 1924 _gАлександр Алексеевич _91076776 _3RU\NLR\AUTH\66101551 |
|
| 601 | 0 | 2 |
_aГосударственный академический Большой театр России _bМузей _jСборники _xКоллекция изобразительного искусства _92410116 _3RU\NLR\AUTH\6601655218 |
| 686 | 1 | _aЩ335.423(2Р=Рус)53-85Горский я43 | |
| 686 | 1 | _aЩ101.3(2Р)-2Москва2Большой театр я43 | |
| 702 | 1 |
_4570 _7ca _8rus _aГорский _bА. А. _f1871-1924 _gАлександр Алексеевич _953944 _3RU\NLR\AUTH\7771016 |
|
| 702 | 1 |
_aЧуракова _bЕ. _gЕкатерина _4220 |
|
| 712 | 0 | 2 |
_4570 _aГосударственный академический Большой театр России _bМузей _9486137 _3RU\NLR\AUTH\880410189 |
| 942 | _cBOOK | ||
| 980 | _aNB | ||